000 01437nam a22002417a 4500
003 DO-SdBJH
005 20241022145746.0
008 241022b |||||||| |||| 00| 0 spa d
040 _aDO-SdBJH
_bspa
_cDO-SdBJH
090 _aTG EGAEE
_b02199 2023
100 1 _aLiranzo Pérez, Ivette Patricia
_esustentante
245 1 0 _aFormación de capital humano en el área de la ciberseguridad para contribuir con el desarrollo nacional de República Dominicana, período 2020-2022 /
_cIvette Patricia Liranzo Pérez, Gary Armando Molina Antonio, asesores Luis R. Lee Ballester, Dominga Méndez Medina
260 _aSanto Domingo :
_bINSUDE,
_c2023
300 _axxi, 90 páginas, gráfico, tabla
502 _aTesis (Maestría en Defensa y Seguridad Nacional). -- Instituto Superior para la Defensa (INSUDE). Escuela de Graduados de Altos Estudios Estratégico, 2023
504 _aIncluye referencias bibliográficas e índices
505 _aOrigen de la formación de capital humano en República Dominicana. -- Alcance de la ciberseguridad en la Seguridad Nacional. -- Formación en las áreas de la ciberseguridad para promover el desarrollo nacional
700 1 _aMolina Antonio, Gary Armando
_esustentante
700 1 _aLee Ballester, Luis R.
_easesor
700 1 _aMéndez Medina, Dominga
_easesor
830 _aINSUDE. Escuela de Graduados de Altos Estudios Estratégico. Tesis y disertaciones académicas
942 _2CL
_cT
999 _c7956
_d7956